Loading...
| Fine Arts - Classical Music | 0 | 7 | 2 | 0 | 60 | 38 | 72.57 | 7 | 7 | 0.00 | 0.00 |
| Religion | 0 | 5 | 1 | 1 | 45 | 60 | 87.00 | 4 | 5 | 0.00 | 0.00 |
| Social Science | 0 | 4 | 0 | 1 | 40 | 97 | 114.00 | 2 | 4 | 0.00 | 0.00 |
| Fine Arts - Other | 0 | 5 | 2 | 0 | 40 | 43 | 84.40 | 4 | 5 | 0.00 | 0.00 |
| Literature - European | 0 | 4 | 0 | 1 | 40 | 77 | 125.75 | 2 | 4 | 0.00 | 0.00 |
| Fine Arts - Painting and Sculpture | 0 | 4 | 1 | 0 | 35 | 77 | 110.75 | 3 | 4 | 0.00 | 0.00 |
| Literature - World | 0 | 4 | 1 | 2 | 35 | 42 | 110.00 | 1 | 4 | 0.00 | 0.00 |
| Other Academic | 0 | 3 | 0 | 0 | 30 | 96 | 114.00 | 2 | 3 | 0.00 | 0.00 |
| Literature - American | 0 | 3 | 0 | 0 | 30 | 139 | 141.67 | 1 | 3 | 0.00 | 0.00 |
| History - Other | 0 | 2 | 0 | 0 | 20 | 111 | 121.50 | 0 | 2 | 0.00 | 0.00 |
| Pop Culture | 0 | 2 | 0 | 0 | 20 | 17 | 75.00 | 1 | 2 | 0.00 | 0.00 |
| Geography | 0 | 2 | 0 | 2 | 20 | 126 | 130.50 | 0 | 2 | 0.00 | 0.00 |
| Science - Physics | 0 | 2 | 0 | 0 | 20 | 118 | 120.00 | 0 | 2 | 0.00 | 0.00 |
| History - European | 0 | 2 | 0 | 0 | 20 | 88 | 109.00 | 0 | 2 | 0.00 | 0.00 |
| Mythology | 0 | 2 | 1 | 1 | 15 | 122 | 131.50 | 0 | 2 | 0.00 | 0.00 |
| Science - Other | 0 | 2 | 1 | 1 | 15 | 103 | 123.00 | 0 | 2 | 0.00 | 0.00 |
| Science - Biology | 0 | 1 | 0 | 0 | 10 | 110 | 110.00 | 0 | 1 | 0.00 | 0.00 |
| Philosophy | 0 | 2 | 2 | 1 | 10 | 25 | 78.00 | 1 | 2 | 0.00 | 0.00 |
| Literature - British | 0 | 1 | 1 | 0 | 5 | 37 | 37.00 | 1 | 1 | 0.00 | 0.00 |
| History - World | 0 | 1 | 1 | 0 | 5 | 132 | 132.00 | 0 | 1 | 0.00 | 0.00 |
| Science - Chemistry | 0 | 0 | 1 | 0 | -5 | 0.00 | 0 | 0 | 0.00 | 0.00 |